Formovanie finančnej a kapitálovej štruktúry podniku bakalárska práca

Saved in:
Bibliographic Details
Main Author: Saláková, Monika
Corporate Author: Fakulta podnikového manažmentu EU. Katedra podnikových financií
Other Authors: Kráľovič, Jozef
Format: Book
Language:Slovak
Published: Bratislava 2011
Tags: Add Tag
No Tags, Be the first to tag this record!

MARC

LEADER 00000nbm a2200000 4500
001 0140197
005 20161109111711.4
041 0 |a slo 
044 |a SK 
245 1 0 |a Formovanie finančnej a kapitálovej štruktúry podniku  |b bakalárska práca  |c Monika Saláková ; školiteľ:Jozef Kráľovič 
264 1 |a Bratislava  |c 2011 
300 |a 61 s. 
100 1 |a Saláková, Monika 
700 1 |a Kráľovič, Jozef 
710 2 |a Fakulta podnikového manažmentu EU. Katedra podnikových financií